000 00814nam a2200253 i 4500
001 bg
100 1 _aGÓRECKI, Zenon
245 1 0 _aDrgania w budowie maszyn :
_bzbiór zadań z rozwiązaniami /
_cZenon Górecki ; Politechnika Gdańska.
250 _a[Wyd. 2].
260 _aGdańsk :
_bWydaw. PG,
_c1994.
300 _a307, [1] s. :
_brys., wykr. ;
_c24 cm.
504 _aBibliogr. s. [308].
521 _aSkrypt dla studentów III i IV r. Wydz. Oceanotechniki i Okrętownictwa do przedmiotu Mechanika maszyn.
650 9 _aDrgania
_xmechanika
650 9 _aMaszyny
_xmechanika
655 _aPodręczniki akademickie
020 _a8386537086
040 _cBPK
041 0 _apl
080 _a621.01:534.8](075.8)
920 _a83-86537-08-6
942 _cKS
008 s pl f |000 0 pol
999 _c6836
_d6836
856 _uhttp://koha.tu.koszalin.pl/cgi-bin/koha/opac-detail.pl?biblionumber=6836
_yKatalog online BPK